000 00621nam a2200205 4500
001 116806
003 ES-MaACL
005 20231114062537.0
007 t|
008 061121s1958 sp r ||||1| spa d
100 1 _aPavese, Cesare.
_989679
245 1 3 _aLa playa y otros relatos /
_cCesare Pavese ; versión española de Enrique Sordo.
260 _aBarcelona :
_bSeix y Barral,
_c1958.
300 _a224 p. ;
_c18 cm.
490 1 _aBiblioteca breve
700 1 _aSordo, Enrique.
_9107330
830 0 _aBiblioteca breve (Seix Barral)
_9227188
852 _aES-MaACL
_jC-13952
_bR.41972
999 _c116806
_d116806